[Event "POL-chT 2nd League"]
[Site "Poronin"]
[Date "2020.09.11"]
[Round "7.7"]
[White "Polarczyk, Pawel"]
[Black "Polok, Rafal"]
[Result "0-1"]
[WhiteElo "1813"]
[BlackElo "2035"]
[PlyCount "66"]
[EventDate "2020.09.05"]
[EventType "team-swiss"]
[EventRounds "9"]
[EventCountry "POL"]
[SourceTitle "CBM 198 Extra"]
[Source "ChessBase"]
[SourceDate "2020.11.30"]
[SourceVersion "1"]
[SourceVersionDate "2020.11.30"]
[SourceQuality "1"]
[WhiteTeam "Zakrzewo Korona"]
[BlackTeam "Sedziszow Spoldzielczy"]
[WhiteTeamCountry "POL"]
[BlackTeamCountry "POL"]

1. d4 Nf6 2. c4 g6 3. Nc3 Bg7 4. e4 d6 5. f3 0-0 6. Be3 Nbd7 7. Bd3 c5 8. d5 e6 9. Nge2 Ne5 10. Qd2 exd5 11. cxd5 Bd7 12. 0-0 Nxd3 13. Qxd3 b5 14. g4 b4 15. Nd1 Qb6 16. Qd2 Bb5 17. Rf2 Bxe2 18. Rxe2 Rfe8 19. Nf2 a5 20. h4 h5 21. g5 Nd7 22. f4 a4 23. Rc1 Qb5 24. Kg2 Rac8 25. Kf3 a3 26. b3 c4 27. Rxc4 Rxc4 28. bxc4 Qxc4 29. Qd3 Qxd3 30. Nxd3 Rb8 31. Nc1 Rc8 32. Nb3 Rc3 33. Nd4 Bxd4 0-1

[Event "POL-chT 2nd League"]
[Site "Poronin"]
[Date "2020.09.10"]
[Round "6.4"]
[White "Polok, Rafal"]
[Black "Dziendziel, Mateusz"]
[Result "0-1"]
[WhiteElo "2035"]
[BlackElo "1949"]
[PlyCount "108"]
[EventDate "2020.09.05"]
[EventType "team-swiss"]
[EventRounds "9"]
[EventCountry "POL"]
[SourceTitle "CBM 198 Extra"]
[Source "ChessBase"]
[SourceDate "2020.11.30"]
[SourceVersion "1"]
[SourceVersionDate "2020.11.30"]
[SourceQuality "1"]
[WhiteTeam "Sedziszow Spoldzielczy"]
[BlackTeam "Jastrzebie Zdroj Pionier"]
[WhiteTeamCountry "POL"]
[BlackTeamCountry "POL"]

1. e4 c5 2. Nc3 Nc6 3. Bb5 Nd4 4. Bc4 a6 5. a4 e6 6. d3 Ne7 7. Nge2 d5 8. exd5 exd5 9. Ba2 Bg4 10. 0-0 Nec6 11. f3 Be6 12. Nxd4 Nxd4 13. Ne2 Nxe2+ 14. Qxe2 Be7 15. f4 Qd7 16. Re1 g6 17. Qe5 0-0-0 18. b4 Qc7 19. Qxc7+ Kxc7 20. Bb2 Rhe8 21. Be5+ Kc6 22. bxc5 Bxc5+ 23. Kf1 d4 24. Bf6 Rd6 25. Re4 Bb4 26. Rxd4 Bxa2 27. Rxd6+ Bxd6 28. Rxa2 Bxf4 29. c4 Bxh2 30. Kf2 Be5 31. Re2 Bg3+ 32. Kf3 Rxe2 33. Kxe2 Kc5 34. Bc3 f5 35. Kf3 Bc7 36. Ke3 h5 37. Kf3 g5 38. Ke3 g4 39. Be1 Bd6 40. a5 Bc7 41. Bh4 Kb4 42. Be1+ Ka4 43. d4 Bxa5 44. Bg3 Bd8 45. d5 h4 46. Bf4 Kb4 47. Kd4 Bf6+ 48. Be5 h3 49. gxh3 gxh3 50. Bxf6 h2 51. Be7+ Ka4 52. d6 h1Q 53. Ke5 Qe4+ 54. Kf6 Qc6 0-1

[Event "POL-chT 2nd League"]
[Site "Poronin"]
[Date "2020.09.09"]
[Round "5.5"]
[White "Polok, Rafal"]
[Black "Majewski, Krzysztof"]
[Result "0-1"]
[WhiteElo "2035"]
[BlackElo "1885"]
[PlyCount "100"]
[EventDate "2020.09.05"]
[EventType "team-swiss"]
[EventRounds "9"]
[EventCountry "POL"]
[SourceTitle "CBM 198 Extra"]
[Source "ChessBase"]
[SourceDate "2020.11.30"]
[SourceVersion "1"]
[SourceVersionDate "2020.11.30"]
[SourceQuality "1"]
[WhiteTeam "Sedziszow Spoldzielczy"]
[BlackTeam "Koszalin Hetman Politechnika"]
[WhiteTeamCountry "POL"]
[BlackTeamCountry "POL"]

1. e4 e6 2. d4 d5 3. exd5 exd5 4. Nc3 c6 5. Bd3 Bd6 6. Be3 Ne7 7. Qd2 Bf5 8. Bxf5 Nxf5 9. 0-0-0 0-0 10. g4 Nxe3 11. fxe3 Nd7 12. Nge2 b5 13. Rdg1 b4 14. Nd1 Nf6 15. Nf2 c5 16. g5 Ne4 17. Nxe4 dxe4 18. Ng3 Qa5 19. Kb1 cxd4 20. exd4 Rfe8 21. Qe3 Rad8 22. Nxe4 Kh8 23. Rg4 Qd5 24. Qd3 Qf5 25. Nxd6 Qxd3 26. Nxf7+ Kg8 27. Nh6+ gxh6 28. cxd3 h5 29. Rf4 Re2 30. h4 Rd2 31. Rc1 Re8 32. d5 Rxd3 33. Rxb4 Rxd5 34. a3 Re7 35. Rc6 Kg7 36. Ra6 Rd1+ 37. Ka2 Rg1 38. Rd6 Rg4 39. Rdd4 Rxd4 40. Rxd4 h6 41. gxh6+ Kxh6 42. Kb3 Rg7 43. Kc4 Rg4 44. b4 Kg6 45. b5 Kf6 46. a4 Ke5 47. Rxg4 hxg4 48. h5 g3 49. h6 Kf6 50. a5 g2 0-1

[Event "POL-chT 2nd League"]
[Site "Poronin"]
[Date "2020.09.07"]
[Round "3.4"]
[White "Polok, Rafal"]
[Black "Gosciniak, Bartlomiej"]
[Result "1-0"]
[WhiteElo "2035"]
[BlackElo "1828"]
[PlyCount "137"]
[EventDate "2020.09.05"]
[EventType "team-swiss"]
[EventRounds "9"]
[EventCountry "POL"]
[SourceTitle "CBM 198 Extra"]
[Source "ChessBase"]
[SourceDate "2020.11.30"]
[SourceVersion "1"]
[SourceVersionDate "2020.11.30"]
[SourceQuality "1"]
[WhiteTeam "Sedziszow Spoldzielczy"]
[BlackTeam "Grzybowo GKSz Solny"]
[WhiteTeamCountry "POL"]
[BlackTeamCountry "POL"]

1. e4 d5 2. exd5 Nf6 3. c4 e6 4. d4 exd5 5. Bd3 Be7 6. Nc3 Nc6 7. Nge2 0-0 8. c5 Bg4 9. f3 Be6 10. a3 a5 11. Rb1 b6 12. b4 Qc8 13. b5 Nd8 14. c6 Bf5 15. 0-0 Bxd3 16. Qxd3 Ne6 17. Kh1 Qd8 18. Ng3 Bd6 19. Nce2 g6 20. f4 Ng4 21. h3 Qh4 22. Qf3 Nf6 23. a4 Rad8 24. Rb3 Rde8 25. Ba3 Ne4 26. Bxd6 Nd2 27. Qxd5 cxd6 28. Rbf3 Nxf3 29. Rxf3 Rd8 30. f5 Nc7 31. Qb3 d5 32. Rf4 Qg5 33. Qf3 h5 34. h4 Qh6 35. Nc1 Rfe8 36. Nd3 Qg7 37. f6 Qh6 38. Qf2 Re6 39. Ne5 Rdd6 40. Nd7 Qh8 41. Nf5 Rxd7 42. cxd7 Kh7 43. Ng7 Rd6 44. Qc2 Rxd7 45. Nxh5 Qe8 46. Rg4 Qe1+ 47. Kh2 Ne6 48. Qc6 Rc7 49. Qxd5 Qe2 50. Kh3 Rc3+ 51. Rg3 Rxg3+ 52. Nxg3 Nf4+ 53. Kh2 Nxd5 54. Nxe2 Nxf6 55. Nf4 Kg7 56. g3 Kf8 57. Kg2 Ke7 58. Kf3 Kd6 59. g4 g5 60. hxg5 Nh7 61. g6 Ng5+ 62. Ke3 fxg6 63. Nxg6 Kd5 64. Kd3 Ne6 65. Ne7+ Kd6 66. Nf5+ Kd5 67. Ne3+ Kd6 68. Nc4+ Kc7 69. Ke4 1-0

[Event "POL-chT 2nd League"]
[Site "Jastrzebia Gora"]
[Date "2019.09.13"]
[Round "7.4"]
[White "Polok, Rafal"]
[Black "Gmaj, Krzysztof"]
[Result "0-1"]
[WhiteElo "2053"]
[BlackElo "2120"]
[PlyCount "72"]
[EventDate "2019.09.07"]
[EventType "team-swiss"]
[EventRounds "9"]
[EventCountry "POL"]
[SourceTitle "EXT 2020"]
[Source "ChessBase"]
[SourceDate "2019.10.17"]
[SourceVersion "1"]
[SourceVersionDate "2019.10.17"]
[SourceQuality "1"]
[WhiteTeam "Sedziszow Malopolski"]
[BlackTeam "Dabrowa Gornicza Zaglebie"]
[WhiteTeamCountry "POL"]
[BlackTeamCountry "POL"]

1. e4 e6 2. d4 d5 3. exd5 exd5 4. c4 Nf6 5. Nc3 Be7 6. Bd3 Nc6 7. cxd5 Nxd5 8. Be4 Nf6 9. Bxc6+ bxc6 10. Be3 0-0 11. Nge2 Bf5 12. 0-0 Rb8 13. Ng3 Bg6 14. Qa4 Rxb2 15. Qxc6 h5 16. h3 h4 17. Nge2 Re8 18. Nf4 Bf5 19. Rfd1 Bd6 20. Rac1 Ne4 21. Nfd5 Re6 22. Qc4 Rg6 23. Na4 Bxh3 24. Nxb2 Bxg2 25. f3 Bxf3+ 26. Kf1 Qd7 27. Rd2 Qh3+ 28. Ke1 Bg3+ 29. Rf2 Nxf2 30. Bxf2 Re6+ 31. Kd2 Bxf2 32. Nd3 Bxd5 33. Qxd5 Be3+ 34. Kc2 Qh2+ 35. Kc3 Qd2+ 36. Kc4 Qxa2+ 0-1

[Event "POL-chT 2nd League"]
[Site "Jastrzebia Gora"]
[Date "2019.09.11"]
[Round "5.5"]
[White "Polok, Rafal"]
[Black "Kwiatkowski, Wiktor"]
[Result "0-1"]
[WhiteElo "2053"]
[BlackElo "2011"]
[PlyCount "58"]
[EventDate "2019.09.07"]
[EventType "team-swiss"]
[EventRounds "9"]
[EventCountry "POL"]
[SourceTitle "EXT 2020"]
[Source "ChessBase"]
[SourceDate "2019.10.17"]
[SourceVersion "1"]
[SourceVersionDate "2019.10.17"]
[SourceQuality "1"]
[WhiteTeam "Sedziszow Malopolski"]
[BlackTeam "Konin UKS Smecz"]
[WhiteTeamCountry "POL"]
[BlackTeamCountry "POL"]

1. e4 c6 2. d4 d5 3. Nc3 e6 4. Nf3 Bb4 5. e5 c5 6. a3 Bxc3+ 7. bxc3 Nc6 8. a4 Bd7 9. Bd3 Rc8 10. Bd2 Nge7 11. h4 Na5 12. h5 h6 13. Rh4 Nc4 14. Bxc4 dxc4 15. Rg4 Nf5 16. Qe2 Qa5 17. Qxc4 cxd4 18. Qb4 Qxb4 19. cxb4 Rxc2 20. b5 Rc4 21. Be3 0-0 22. Nxd4 f6 23. Rc1 Nxe3 24. Rxc4 Nxc4 25. exf6 Rxf6 26. Nb3 Ne5 27. Rd4 Rf4 28. Rd2 Rxa4 29. Nc5 Ra1+ 0-1

[Event "POL-chT 2nd League"]
[Site "Jastrzebia Gora"]
[Date "2019.09.10"]
[Round "4.8"]
[White "Sroka, Janusz"]
[Black "Polok, Rafal"]
[Result "0-1"]
[WhiteElo "1876"]
[BlackElo "2053"]
[PlyCount "68"]
[EventDate "2019.09.07"]
[EventType "team-swiss"]
[EventRounds "9"]
[EventCountry "POL"]
[SourceTitle "EXT 2020"]
[Source "ChessBase"]
[SourceDate "2019.10.17"]
[SourceVersion "1"]
[SourceVersionDate "2019.10.17"]
[SourceQuality "1"]
[WhiteTeam "Gliwice Roszada"]
[BlackTeam "Sedziszow Malopolski"]
[WhiteTeamCountry "POL"]
[BlackTeamCountry "POL"]

1. e4 e6 2. d4 d5 3. Nd2 Nf6 4. e5 Nfd7 5. c3 c5 6. f4 Nc6 7. Ndf3 cxd4 8. cxd4 Qb6 9. Ne2 Bb4+ 10. Bd2 f6 11. a3 Be7 12. Bc3 0-0 13. Qd2 a5 14. Rd1 a4 15. Ng3 Na5 16. Bd3 f5 17. Qf2 Qa7 18. Ne2 Nb6 19. h3 Nbc4 20. g4 Qb6 21. Rb1 Bd7 22. Rg1 Bb5 23. Bc2 Rac8 24. gxf5 exf5 25. Qg3 Qh6 26. Ng5 Qh5 27. Bd3 Nb3 28. Rd1 Rc6 29. Kf2 Rg6 30. Qf3 Qxf3+ 31. Nxf3 Rxg1 32. Rxg1 Nxa3 33. Bxb5 Nxb5 34. Ra1 Nxa1 0-1

[Event "POL-chT 2nd League"]
[Site "Szczyrk"]
[Date "2014.09.13"]
[Round "8.82"]
[White "Praczukowski, Stanislaw"]
[Black "Polok, Rafal"]
[Result "1-0"]
[WhiteElo "1961"]
[BlackElo "2045"]
[PlyCount "61"]
[EventDate "2014.09.06"]
[EventType "team-swiss"]
[EventRounds "9"]
[EventCountry "POL"]
[SourceTitle "EXT 2015"]
[Source "ChessBase"]
[SourceDate "2014.11.20"]
[SourceVersion "1"]
[SourceVersionDate "2014.11.20"]
[SourceQuality "1"]
[WhiteTeam "Chylice KS Laura"]
[BlackTeam "Pszczyna PSSz"]
[WhiteTeamCountry "POL"]
[BlackTeamCountry "POL"]

1. d4 Nf6 2. c4 g6 3. f3 Bg7 4. e4 d6 5. Nc3 0-0 6. Nge2 Na6 7. Be3 c5 8. d5 Nc7 9. Ng3 Bd7 10. Be2 Rb8 11. a4 a6 12. a5 b6 13. axb6 Rxb6 14. Qd2 Qb8 15. Rb1 Nfe8 16. Bd3 a5 17. 0-0 Na6 18. f4 Nec7 19. f5 Qb7 20. fxg6 hxg6 21. Bh6 Bd4+ 22. Kh1 Rb8 23. Qf4 Be8 24. e5 Bxe5 25. Qh4 Rxb2 26. Qxe7 Bxc3 27. Rxb2 Bxb2 28. Qf8+ Kh7 29. Ne4 Ne6 30. dxe6 f6 31. e7 1-0

[Event "Krakow op-B 22nd"]
[Site "Krakow"]
[Date "2012.01.02"]
[Round "6"]
[White "Iivonen, Markku"]
[Black "Polok, Rafal"]
[Result "0-1"]
[WhiteElo "1998"]
[BlackElo "1951"]
[PlyCount "49"]
[EventDate "2011.12.27"]
[EventType "swiss"]
[EventRounds "9"]
[EventCountry "POL"]
[SourceTitle "CBM 146 Extra"]
[Source "ChessBase"]
[SourceDate "2012.02.29"]
[SourceVersion "1"]
[SourceVersionDate "2012.02.29"]
[SourceQuality "1"]

1. c4 e6 2. d4 d5 3. Nc3 Bb4 4. e3 c5 5. Qg4 Ne7 6. dxc5 Bxc5 7. Qxg7 Rg8 8. Qxh7 Qb6 9. Nh3 Nbc6 10. Bd2 Ne5 11. 0-0-0 Bd7 12. f4 Ng4 13. Be2 Nxe3 14. Bxe3 Bxe3+ 15. Kb1 Bd4 16. Qd3 Bf6 17. g4 Rc8 18. Ka1 Rh8 19. Ng5 Qb4 20. Nge4 dxe4 21. Qxd7+ Kf8 22. a3 Qa5 23. Qb5 Bxc3 24. bxc3 Qxc3+ 25. Kb1 0-1

[Event "Krakow op-B 22nd"]
[Site "Krakow"]
[Date "2012.01.02"]
[Round "7"]
[White "Polok, Rafal"]
[Black "Koziej, Maciej"]
[Result "1/2-1/2"]
[WhiteElo "1951"]
[BlackElo "2064"]
[PlyCount "67"]
[EventDate "2011.12.27"]
[EventType "swiss"]
[EventRounds "9"]
[EventCountry "POL"]
[SourceTitle "CBM 146 Extra"]
[Source "ChessBase"]
[SourceDate "2012.02.29"]
[SourceVersion "1"]
[SourceVersionDate "2012.02.29"]
[SourceQuality "1"]

1. e4 c5 2. Nc3 a6 3. a4 Nc6 4. g3 g6 5. Bg2 Bg7 6. d3 d6 7. Be3 e6 8. Qd2 Nge7 9. Bh6 0-0 10. h4 Bxh6 11. Qxh6 f6 12. Qd2 Nd4 13. f4 Nec6 14. Nge2 e5 15. Nxd4 Nxd4 16. Nd5 b6 17. 0-0 Ra7 18. Rf2 Raf7 19. Raf1 Bd7 20. b3 b5 21. axb5 axb5 22. Qd1 b4 23. f5 gxf5 24. exf5 Kh8 25. Be4 Bc6 26. Ne3 d5 27. Bg2 Rg8 28. g4 e4 29. dxe4 dxe4 30. Rf4 Re7 31. Qe1 Nf3+ 32. Bxf3 exf3 33. R1xf3 Bxf3 34. Rxf3 1/2-1/2

[Event "Rewal op-A 12th"]
[Site "Rewal"]
[Date "2007.08.29"]
[Round "9"]
[White "Korosciel, Aneta"]
[Black "Polok, Rafal"]
[Result "1-0"]
[WhiteElo "2105"]
[BlackElo "1942"]
[PlyCount "49"]
[EventDate "2007.08.20"]
[EventType "swiss"]
[EventRounds "9"]
[EventCountry "POL"]
[SourceTitle "CBM 120 Extra"]
[Source "ChessBase"]
[SourceDate "2007.11.01"]
[SourceVersion "1"]
[SourceVersionDate "2007.11.01"]
[SourceQuality "1"]

1. e4 e6 2. d3 d5 3. Nd2 Nf6 4. Ngf3 c5 5. g3 Nc6 6. Bg2 b6 7. 0-0 Bb7 8. Re1 Be7 9. c3 Qc7 10. exd5 Nxd5 11. Ne4 0-0-0 12. Nfg5 Bxg5 13. Nxg5 h6 14. Nf3 g5 15. Qa4 a6 16. Bd2 e5 17. b4 b5 18. Qb3 cxb4 19. cxb4 g4 20. Nxe5 Nxe5 21. Rac1 Bc6 22. Rxe5 Qxe5 23. Rxc6+ Nc7 24. Qc2 Rd7 25. Bc3 1-0

[Event "Rewal op-A 12th"]
[Site "Rewal"]
[Date "2007.08.23"]
[Round "3"]
[White "Mazurkiewicz, Michal"]
[Black "Polok, Rafal"]
[Result "1-0"]
[WhiteElo "2199"]
[BlackElo "1942"]
[PlyCount "51"]
[EventDate "2007.08.20"]
[EventType "swiss"]
[EventRounds "9"]
[EventCountry "POL"]
[SourceTitle "CBM 120 Extra"]
[Source "ChessBase"]
[SourceDate "2007.11.01"]
[SourceVersion "1"]
[SourceVersionDate "2007.11.01"]
[SourceQuality "1"]

1. e4 e6 2. d3 d5 3. Nd2 Nf6 4. g3 c5 5. Bg2 Nc6 6. Ngf3 b6 7. 0-0 Bb7 8. Re1 Be7 9. Qe2 Qc7 10. exd5 exd5 11. Ne5 Nxe5 12. Qxe5 Qxe5 13. Rxe5 Kd7 14. Bh3+ Kd8 15. Nf3 Bd6 16. Re1 h6 17. Ne5 Bxe5 18. Rxe5 Re8 19. Bf4 g5 20. Rxe8+ Nxe8 21. Bd2 Nf6 22. Re1 Bc8 23. Bg2 Be6 24. f4 g4 25. f5 Bxf5 26. Rf1 1-0

[Event "POL-chT U19 2nd League"]
[Site "Lublin"]
[Date "2007.07.12"]
[Round "8"]
[White "Polok, Rafal"]
[Black "Matusiak, Marcin"]
[Result "1/2-1/2"]
[WhiteElo "1942"]
[BlackElo "1979"]
[PlyCount "85"]
[EventDate "2007.07.07"]
[EventType "team-swiss"]
[EventRounds "11"]
[EventCountry "POL"]
[SourceTitle "EXT 2010"]
[Source "ChessBase"]
[SourceDate "2010.11.25"]
[SourceVersion "1"]
[SourceVersionDate "2010.11.25"]
[SourceQuality "1"]
[WhiteTeam "Szopienice HetMaN U19"]
[BlackTeam "Jastrzebie Zdroj Pionier U19"]
[WhiteTeamCountry "POL"]
[BlackTeamCountry "POL"]

1. e4 c6 2. d4 d5 3. Nc3 dxe4 4. Nxe4 Nd7 5. Ng5 Ngf6 6. Bd3 e6 7. N1f3 Be7 8. Qe2 Nb6 9. c3 h6 10. Ne4 0-0 11. Nxf6+ Bxf6 12. Qe4 g6 13. Bxh6 Bg7 14. Bxg7 Kxg7 15. Ne5 Qf6 16. 0-0-0 Nd7 17. f4 c5 18. g4 Nxe5 19. dxe5 Qh4 20. Qg2 Rb8 21. f5 exf5 22. gxf5 Bxf5 23. Rhf1 Qh6+ 24. Qd2 Qxd2+ 25. Rxd2 Be6 26. b3 Rbd8 27. Be4 b6 28. Rfd1 Rxd2 29. Rxd2 Rh8 30. Bf3 Rh3 31. Rf2 Rh8 32. Kd2 Rd8+ 33. Ke3 Kh6 34. Be4 Rd1 35. c4 Re1+ 36. Kd3 Rd1+ 37. Ke2 Rd4 38. Ke3 Rd1 39. Rf6 Re1+ 40. Kd3 Rd1+ 41. Ke2 Rg1 42. Bd5 Rg5 43. Bxe6 1/2-1/2

[Event "POL-chT3 U19 Slaska"]
[Site "Slask"]
[Date "2007.04.22"]
[Round "7.32"]
[White "Kosiorek, Lukasz"]
[Black "Polok, Rafal"]
[Result "0-1"]
[WhiteElo "1741"]
[BlackElo "1954"]
[PlyCount "46"]
[EventDate "2007.01.27"]
[EventType "team-tourn"]
[EventRounds "11"]
[EventCountry "POL"]
[SourceTitle "EXT 2019"]
[Source "ChessBase"]
[SourceDate "2018.10.10"]
[SourceVersion "1"]
[SourceVersionDate "2018.10.10"]
[SourceQuality "1"]
[WhiteTeam "Jastrzebie Zdroj Pionier U19 II"]
[BlackTeam "Katowice Hetman Szopienice U19"]
[WhiteTeamCountry "POL"]
[BlackTeamCountry "POL"]

1. c4 e5 2. Nc3 g6 3. g3 Bg7 4. Bg2 f5 5. d3 Nf6 6. e4 0-0 7. Nge2 d6 8. 0-0 c6 9. Rb1 Be6 10. h3 fxe4 11. Bg5 exd3 12. Qxd3 Bf5 13. Be4 Bxe4 14. Nxe4 d5 15. Nc5 Qe7 16. b4 b6 17. Na4 Nbd7 18. Nac3 Qe6 19. f4 dxc4 20. Qc2 Qxh3 21. Ne4 Ng4 22. N2c3 exf4 23. Bxf4 Bd4+ 0-1

[Event "Rewal op 11th"]
[Site "Rewal"]
[Date "2006.08.21"]
[Round "2"]
[White "Sokalsky, Alexander"]
[Black "Polok, Rafal"]
[Result "1-0"]
[WhiteElo "2199"]
[BlackElo "1981"]
[PlyCount "71"]
[EventDate "2006.08.21"]
[EventType "swiss"]
[EventRounds "11"]
[EventCountry "POL"]
[SourceTitle "EXT 2010"]
[Source "ChessBase"]
[SourceDate "2010.11.25"]
[SourceVersion "1"]
[SourceVersionDate "2010.11.25"]
[SourceQuality "1"]

1. c4 e5 2. Nc3 Nc6 3. g3 Bc5 4. Bg2 d6 5. e3 Bf5 6. d3 Nf6 7. Nge2 0-0 8. h3 Qe7 9. g4 Be6 10. Ng3 g6 11. a3 a5 12. Nd5 Bxd5 13. cxd5 Nb8 14. e4 c6 15. Bg5 cxd5 16. exd5 Nbd7 17. 0-0 Rfc8 18. Ne4 Bd4 19. Qa4 Kg7 20. Rac1 h6 21. Nxf6 Nxf6 22. Be3 Bxe3 23. fxe3 Qd7 24. Qb3 Rxc1 25. Rxc1 Rc8 26. Rc4 b5 27. Rc6 Rxc6 28. dxc6 Qa7 29. Kf2 Qb6 30. a4 b4 31. Qc4 Ne8 32. Bd5 f6 33. Bf7 Nc7 34. Bg8 h5 35. Qf7+ Kh6 36. h4 1-0

[Event "Kowalewo Pomorskie op"]
[Site "Kowalewo Pomorskie"]
[Date "2006.07.??"]
[Round "7"]
[White "Bursa, Renata"]
[Black "Polok, Rafal"]
[Result "1-0"]
[WhiteElo "2046"]
[BlackElo "1963"]
[PlyCount "73"]
[EventDate "2006.07.??"]
[EventType "swiss"]
[EventRounds "9"]
[EventCountry "POL"]
[SourceTitle "CBM 113 Extra"]
[Source "ChessBase"]
[SourceDate "2006.09.14"]
[SourceVersion "1"]
[SourceVersionDate "2006.09.14"]
[SourceQuality "1"]

1. d4 Nf6 2. Nf3 g6 3. c4 Bg7 4. Nc3 0-0 5. e4 d6 6. Be2 e5 7. 0-0 Nc6 8. d5 Ne7 9. b4 Ne8 10. c5 f5 11. Nd2 Nf6 12. f3 f4 13. a4 g5 14. Ba3 h5 15. b5 Ne8 16. Nc4 Rf6 17. a5 b6 18. axb6 axb6 19. cxb6 cxb6 20. Bxd6 Rxa1 21. Bxe7 Qxe7 22. Qxa1 g4 23. Qa3 Qxa3 24. Nxa3 Bf8 25. Nc4 Bc5+ 26. Kh1 Bd4 27. Rc1 g3 28. Bd3 Bd7 29. Ne2 Bxb5 30. Nxd4 exd4 31. e5 Rf7 32. d6 Ra7 33. Nxb6 Bd7 34. Nxd7 Rxd7 35. Bf5 Rd8 36. d7 Kf7 37. Rc8 1-0